000 00424nam a2200205Ia 4500
001 12056
003 GE_BSU
008 181216s||||||||xx |||||||||||||| ||und||
020 _a9780755328703
040 _cGE_BSU
080 _a821.111-32
100 _aCole,Martina
245 _aHard girls
260 _aLondon
260 _bHeadline
260 _c2010.
300 _a592p;20cm.
653 _aHard girls
942 _cBK
999 _c45233
_d45233